MARC details
| 000 -LEADER |
| fixed length control field |
02158cam a2200577 4500 |
| 001 - CONTROL NUMBER |
| control field |
21782 |
| 003 - CONTROL NUMBER IDENTIFIER |
| control field |
VRT |
| 005 - DATE AND TIME OF LATEST TRANSACTION |
| control field |
20260309143915.0 |
| 008 - FIXED-LENGTH DATA ELEMENTS--GENERAL INFORMATION |
| fixed length control field |
180105s2017 xo a b 000 0 slo |
| 015 ## - NATIONAL BIBLIOGRAPHY NUMBER |
| National bibliography number |
SNBA2018/02 |
| 020 ## - INTERNATIONAL STANDARD BOOK NUMBER |
| International Standard Book Number |
9788056700617 |
| Qualifying information |
(viazané) |
| 039 #9 - LEVEL OF BIBLIOGRAPHIC CONTROL AND CODING DETAIL [OBSOLETE] |
| Level of rules in bibliographic description |
202201201858 |
| Level of effort used to assign nonsubject heading access points |
AUTHORITY |
| Level of effort used to assign subject headings |
201911210806 |
| Level of effort used to assign classification |
AUTHORITY |
| Level of effort used to assign subject headings |
201905301025 |
| Level of effort used to assign classification |
msnk134 |
| Level of effort used to assign subject headings |
201802080841 |
| Level of effort used to assign classification |
msnk21 |
| 040 ## - CATALOGING SOURCE |
| Original cataloging agency |
POKPOH |
| Language of cataloging |
slo |
| Transcribing agency |
POKPOH |
| Modifying agency |
SNK |
| Description conventions |
rda |
| 041 1# - LANGUAGE CODE |
| Language code of text/sound track or separate title |
slo |
| Language code of original |
eng |
| 044 ## - COUNTRY OF PUBLISHING/PRODUCING ENTITY CODE |
| MARC country code |
xo |
| ISO country code |
SK |
| 072 #7 - SUBJECT CATEGORY CODE |
| Subject category code |
0/9-053.2 |
| Subject category code subdivision |
Literatúra pre deti a mládež (náučná) |
| Source |
konspekt |
| 072 #7 - SUBJECT CATEGORY CODE |
| Subject category code |
00 |
| Subject category code subdivision |
Veda. Všeobecnosti. Základy vedy a kultúry. Vedecká práca |
| Source |
konspekt |
| 080 ## - UNIVERSAL DECIMAL CLASSIFICATION NUMBER |
| Universal Decimal Classification number |
611/612 |
| Edition identifier |
2011 |
| 080 ## - UNIVERSAL DECIMAL CLASSIFICATION NUMBER |
| Universal Decimal Classification number |
(084.11) |
| Edition identifier |
2011 |
| 080 ## - UNIVERSAL DECIMAL CLASSIFICATION NUMBER |
| Universal Decimal Classification number |
(0.05) |
| Edition identifier |
2011 |
| 080 ## - UNIVERSAL DECIMAL CLASSIFICATION NUMBER |
| Universal Decimal Classification number |
0/9 |
| Edition identifier |
2011 |
| 130 0# - MAIN ENTRY--UNIFORM TITLE |
| Uniform title |
60 Amazing and Curious Facts about Human Body |
| Language of a work |
Slovensky |
| 245 10 - TITLE STATEMENT |
| Title |
60 úžasne zaujímavých skutočností |
| Name of part/section of a work |
Ľudské telo |
| Statement of responsibility, etc. |
preklad Jitka Madarásová |
| 246 3# - VARYING FORM OF TITLE |
| Title proper/short title |
Šesťdesiat úžasne zaujímavých skutočností |
| 246 30 - VARYING FORM OF TITLE |
| Title proper/short title |
Ľudské telo |
| 250 ## - EDITION STATEMENT |
| Edition statement |
Prvé slovenské vydanie |
| 264 #1 - PRODUCTION, PUBLICATION, DISTRIBUTION, MANUFACTURE, AND COPYRIGHT NOTICE |
| Place of production, publication, distribution, manufacture |
Bratislava |
| Name of producer, publisher, distributor, manufacturer |
Svojtka & Co., s.r.o. |
| Date of production, publication, distribution, manufacture, or copyright notice |
2017 |
| 300 ## - PHYSICAL DESCRIPTION |
| Extent |
13 strán |
| Other physical details |
ilustrácie |
| Dimensions |
28 cm |
| 336 ## - CONTENT TYPE |
| Content type term |
text |
| Content type code |
txt |
| Source |
rdacontent |
| 336 ## - CONTENT TYPE |
| Content type term |
statický obraz |
| Content type code |
sti |
| Source |
rdacontent |
| 337 ## - MEDIA TYPE |
| Media type term |
bez média |
| Media type code |
n |
| Source |
rdamedia |
| 338 ## - CARRIER TYPE |
| Carrier type term |
zväzok |
| Carrier type code |
nc |
| Source |
rdacarrier |
| 500 ## - GENERAL NOTE |
| General note |
Názov z obalu |
| 500 ## - GENERAL NOTE |
| General note |
Kartónové listy |
| 500 ## - GENERAL NOTE |
| General note |
Na obale nad názvom: Kniha s otváracími okienkami |
| 650 07 - SUBJECT ADDED ENTRY--TOPICAL TERM |
| Topical term or geographic name entry element |
ľudské telo |
| Source of heading or term |
SNKPH |
| 650 07 - SUBJECT ADDED ENTRY--TOPICAL TERM |
| Topical term or geographic name entry element |
Human body |
| Source of heading or term |
SNKPHeng |
| 650 07 - SUBJECT ADDED ENTRY--TOPICAL TERM |
| Topical term or geographic name entry element |
všeobecnosti a zaujímavosti |
| Source of heading or term |
SNKPH |
| 650 07 - SUBJECT ADDED ENTRY--TOPICAL TERM |
| Topical term or geographic name entry element |
General knowledge |
| Source of heading or term |
SNKPHeng |
| 650 07 - SUBJECT ADDED ENTRY--TOPICAL TERM |
| Topical term or geographic name entry element |
všeobecné vedomosti |
| Source of heading or term |
SNKPH |
| 650 07 - SUBJECT ADDED ENTRY--TOPICAL TERM |
| Topical term or geographic name entry element |
General and attractions |
| Source of heading or term |
SNKPHeng |
| 655 #7 - INDEX TERM--GENRE/FORM |
| Genre/form data or focus term |
Pictorial works |
| Source of term |
SNKPHeng |
| 655 #7 - INDEX TERM--GENRE/FORM |
| Genre/form data or focus term |
publikácie pre deti |
| Source of term |
SNKPH |
| 655 #7 - INDEX TERM--GENRE/FORM |
| Genre/form data or focus term |
Children's literature |
| Source of term |
SNKPHeng |
| 655 #7 - INDEX TERM--GENRE/FORM |
| Genre/form data or focus term |
obrazové publikácie |
| Source of term |
SNKPH |
| 700 1# - ADDED ENTRY--PERSONAL NAME |
| Personal name |
Madarásová, Jitka |
| Relationship |
trl |
| 942 ## - ADDED ENTRY ELEMENTS (KOHA) |
| Source of classification or shelving scheme |
Dewey Decimal Classification |
| Koha item type |
Odborná literatúra pre deti |
| Suppress in OPAC |
No |
| 949 ## - LOCAL PROCESSING INFORMATION (OCLC) |
| 6 |
270001000582090 |
| a |
svkbbC 62483 |
| b |
svkbbm 772838 |
| 949 ## - LOCAL PROCESSING INFORMATION (OCLC) |
| 6 |
17A1305261 |
| a |
snkSB 92216 D1 |
| b |
snk2017/26544 |
| o |
2497/2017 |
| 949 ## - LOCAL PROCESSING INFORMATION (OCLC) |
| 6 |
17A1305262 |
| a |
snkSB 92216 |
| b |
snk2017/26545 |
| o |
2497/2017 |